000 00384nam a2200145Ia 4500
008 240624s9999 xx 000 0 und d
041 _aeng
082 _a658.5 SWI
100 _aSWINK MORGAN
245 _aMANAGING OPERATIONS ACROSS THE CUPPLY CH
250 _a(2nd ed.)
260 _c2014
_aNew Delhi
_bTata McGraw-Hill
300 _axxxii, : 603 : p. : cm. ; 26
365 _cRS
_b33
999 _c25749
_d25749